| 000 | 00634nam a2200169 a 4500 | ||
|---|---|---|---|
| 001 | 000033010 | ||
| 005 | 20200930065953.0 | ||
| 008 | 110808s1939 mx 000 0 spa d | ||
| 040 |
_aDO-SdBNP _bspa _cBNPHU |
||
| 082 |
_axxxx _bH281c |
||
| 100 | 1 |
_aHaring, Clarence Henry, _d1885-1960. _958725 |
|
| 245 | 1 | 0 |
_aComercio y navegación entre España y las Indias en la época de los Habsburgos / _cClarence H. Haring ; versión española revisada por Emma Salinas. |
| 260 |
_aMéxico : _bFondo de Cultura Económica, _c1939. |
||
| 300 |
_axxvi, 460 p. ; _c24 cm. |
||
| 504 | _aBibliografía : p. ix-xxiii. | ||
| 700 | 1 |
_aSalinas, Emma _958726 |
|
| 999 |
_c32501 _d32501 |
||